000 00774nas a2200265 4500
001 BR9701455
003 BR-BrBNA
005 20231205100110.0
007 ta
008 230509b bl.|||p| |||| 00| 00por d
040 _aBR-BrBNA
_bpor
_cBiblioteca Nacional de Agricultura
041 _a(Pt)
072 _aQ04
100 1 _aMorais, M.T. de
100 1 _aSimone, E.M. de
100 1 _aRomano, L.A.
245 1 _aEstudo da composicao do leite de agua e comparacao como leite de mulher
650 _aEgua
650 _aAnalise de Alimento
650 _aValor Nutritivo
650 _aLeite
773 0 _tHora Veterinaria (Brazil)
_xISSN 0101-9163
_g(Jan-Feb 1997), v. 16(95) p. 37-43
_wBR9701455
909 _a202311
_bLúcia
_c55
_dLúcia Elande
942 _2AGRIS
_n0
_cANA
999 _c154354
_d154354